000 00442nam a22001697a 4500
005 20251108172324.0
008 250721s1994 xx 000 0 ara d
082 1 4 _a330.1/سام
100 1 _aخليل، سامي
245 1 0 _aنظرية الإقتصاد الكلي /
264 1 _aالكويت :
_c1994.
300 _a
650 1 7 _aالإقتصاد
650 1 7 _aالإقتصاد الكلي
942 _2ddc
_cBK
999 _c76167
_d76167